IEEE Power Engineering Society discussions and closures of abstracted papers from the winter meeting, New York City, New York, February 3-8, 1980.

Bibliographic Details
Corporate Author: IEEE Power Engineering Society
Format: Book
Language:English
Published: New York, N.Y. : Piscataway, N.J. : Institute of Electrical and Electronics Engineers ; Available from IEEE, Single Publication Sales, [1980]
Subjects:

MARC

Tag First Indicator Second Indicator Subfields
LEADER 00000cam a2200000 a 4500
001 in00000083384
005 20151008061242.0
008 811203s1980 nyua b 10000 eng
010 |a  76004401  
035 |a (OCoLC)08031927 
035 |9 AAJ7656AM 
039 0 |a 2  |b 3  |c 3  |d 3  |e 3 
040 |a DLC  |c DLC  |d TXA  |d UtOrBLW 
049 |a TXAM  |c 1 [1196561] 2 [1196562] 
050 0 0 |a TK1005  |b .I343 
082 0 |a 621.31  |2 19 
245 0 0 |a IEEE Power Engineering Society discussions and closures of abstracted papers from the winter meeting, New York City, New York, February 3-8, 1980. 
264 1 |a New York, N.Y. :  |b Institute of Electrical and Electronics Engineers ;  |a Piscataway, N.J. :  |b Available from IEEE, Single Publication Sales,  |c [1980] 
264 4 |c ©1980 
300 |a 161 pages in various pagings :  |b illustrations ;  |c 28 cm. 
336 |a text  |b txt  |2 rdacontent 
337 |a unmediated  |b n  |2 rdamedia 
338 |a volume  |b nc  |2 rdacarrier 
500 |a "80 CH1524-8-PWR." 
500 |a Spine title: IEEE 1980 PES winter meeting discussions & closures. 
504 |a Includes bibliographical references. 
650 0 |a Electric power systems  |v Congresses. 
710 2 |a IEEE Power Engineering Society. 
740 0 |a IEEE 1980 PES winter meeting discussions & closures. 
999 |a MARS 
999 f f |s 2b04b701-6e1a-3566-87ae-f4832c860e3d  |i f391f670-0413-36d8-ac83-d5b9e89d3db8  |t 0 
952 f f |p ric  |a Texas A&M University  |b Rellis Campus  |c Joint Library Facility  |d Remote Storage  |t 0  |e TK1005 .I343  |h Library of Congress classification  |i unmediated -- volume  |m A14806250537 
998 f f |a TK1005 .I343  |t 0  |l Remote Storage